000 00750nam a2200181Ia 4500
003 GCL
008 140319s9999 xx 000 0 ara d
040 _aGCL /
_cGCL
082 0 4 _aق
_b962.06
_bم ق
100 1 _aمحمود فهمى النقراشى
245 1 0 _aقضية وادى النيل : بيانات حضرة صاحب الدولة محمود فهمة النقراشى باشا رئيس مجلس الوزراء ورئيس وفد مصر أمام مجلس الامن /
_cمحمود فهمى النقراشى
300 _a100
490 _aكتاب
_v0
650 0 4 _aمحمود فهمى النقراشى
650 0 4 _aالرسائل والخطب
650 0 4 _aمصر - تاريخ - العصر الحديث (1805 - 1956 )
942 _2ddc
_cBK
999 _c43221
_d43221